ARRUPE JESUIT UNIVERSITY

CORONAVIRUS -STOP THE SPREAD - CLEAN,DISINFECT,COVER

From Napoleon to the Second International : (Record no. 125508)

MARC details
000 -LEADER
fixed length control field 00729mam a2200229 a 4500
001 - CONTROL NUMBER
control field 1417399
003 - CONTROL NUMBER IDENTIFIER
control field ARRUPE
005 - DATE AND TIME OF LATEST TRANSACTION
control field 20161017084541.0
008 - FIXED-LENGTH DATA ELEMENTS--GENERAL INFORMATION
fixed length control field 940105s1993 enk 001 0 eng d
020 ## - INTERNATIONAL STANDARD BOOK NUMBER
International Standard Book Number 0241134447
035 ## - SYSTEM CONTROL NUMBER
System control number (OCoLC)ocm29578073
035 ## - SYSTEM CONTROL NUMBER
System control number (NNC)1417399
040 ## - CATALOGING SOURCE
Original cataloging agency WAU
Transcribing agency WAU
043 ## - GEOGRAPHIC AREA CODE
Geographic area code e------
050 ## - LIBRARY OF CONGRESS CALL NUMBER
Classification number D358.T38 1994
300 ## - PHYSICAL DESCRIPTION
Dimensions 23 cm.
100 1# - MAIN ENTRY--PERSONAL NAME
Personal name Taylor, A. J. P.
Fuller form of name (Alan John Percivale),
Dates associated with a name 1906-1990.
9 (RLIN) 26735
245 10 - TITLE STATEMENT
Title From Napoleon to the Second International :
Remainder of title essays on nineteenth-century Europe /
Statement of responsibility, etc by A.J.P. Taylor ; edited with an introduction by Chris Wrigley.
260 ## - PUBLICATION, DISTRIBUTION, ETC. (IMPRINT)
Place of publication, distribution, etc London :
Name of publisher, distributor, etc Hamish Hamilton,
Date of publication, distribution, etc 1994.
300 ## - PHYSICAL DESCRIPTION
Extent xxii, 426 p.;
942 ## - ADDED ENTRY ELEMENTS (KOHA)
Source of classification or shelving scheme Library of Congress Classification
Koha item type Monograph ( Printed materials)
Holdings
Withdrawn status Lost status Source of classification or shelving scheme Damaged status Not for loan Collection code Home library Current library Shelving location Date acquired Total Checkouts Full call number Barcode Date last seen Date checked out Price effective from Koha item type
    Library of Congress Classification     Main Collection ARRUPE LIBRARY ARRUPE LIBRARY Main Collection 17/10/2016 1 D358.T38 1994 46500020816 13/10/2017 27/01/2017 17/10/2016 Monograph ( Printed materials)

 

Arrupe Library. PO Box MP320 Mt Pleasant, Harare, Zimbabwe
263 242 745411|librarian@aju.ac.zw